Germany - Slovakia UEFA Euro 2016 - Round Of 16 - Statistics

General Stats
  • This quiz has been taken 74 times
  • The average score is 15 of 30
Answer Stats
Answer % Correct
Manuel Neuer
90%
Thomas Müller
87%
Jérôme Boateng ¹
83%
Marek Hamšík
83%
Mats Hummels
83%
Mesut Özil
73%
Toni Kroos
71%
Mario Gomez ¹
67%
Joshua Kimmich
65%
Joachim Löw
62%
Sami Khedira
62%
Martin Skrtel
56%
Bastian Schweinsteiger
54%
Julian Draxler ¹
52%
Vladimír Weiss
50%
Jonas Hector
48%
Benedikt Höwedes
46%
Juraj Kucka
46%
Peter Pekarík
44%
Milan Škriniar
38%
Ján Kozák
37%
Michal Ďuriš
37%
Jan Durica
35%
Lukas Podolski
31%
Matúš Kozáčik
29%
Norbert Gyömbér
27%
Patrik Hrošovský
23%
Stanislav Šesták
17%
Ján Greguš
15%
Kornel Saláta
10%
No matching quizzes found
Score Distribution
Percent of People with Each Score
Percentile by Number Answered
Your Score History
You have not taken this quiz